000
00316nam a22001337a 4500
020
_a
978-1-4052-2855-8
082
_a
823
_b
BLY/M
100
_a
ENID BLYTON
245
_a
THE MAGIC FARAWAY TREE
260
_a
GREAT BRITAIN
_b
EGMONT
_c
1943
300
_a
214
650
_a
CHILDREN'S STORY BOOK
_z
UNITED KINGDOM
942
_c
BK
999
_c
169
_d
169